| 000 | 00770nam a2200241Ia 4500 | ||
|---|---|---|---|
| 003 | OSt | ||
| 005 | 20220923211253.0 | ||
| 006 | a|||||r|||| 00| 0 | ||
| 007 | ta | ||
| 008 | 220922b |||||||| |||| 00| 0 pan d | ||
| 020 |
_a9788178836188 (hbk) _c350 |
||
| 024 | _a246,307 | ||
| 037 |
_b7830/XI, 31/01/2011, Arsee Publishers _cTextual |
||
| 040 |
_aARTS _cARTS _bpan |
||
| 041 |
_2pan _apan |
||
| 082 | _aP153:g, Q0 | ||
| 100 | _aਸਾਧੂ ਸਿੰਘ | ||
| 245 | 0 | _aਪੰਜਾਬੀ ਬੋਲੀ ਦੀ ਵਿਰਾਸਤ | |
| 260 |
_aਲੁਧਿਆਣਾ _b ਚੇਤਨਾ _c2010 |
||
| 300 |
_a287ਪੰ _ccm. |
||
| 942 |
_hP153:g, Q0 _cTEXL _2CC |
||
| 999 |
_c298007 _d298007 |
||